000 00580nam a2200205Ia 4500
003 OSt
005 20230522144139.0
008 210423s2001 xx 000 0 und d
040 _cAL
041 _aeng
082 _a307.76
_223
_bSCHL
100 _aSCHENK (Hans),Ed
_9110335
245 _aLiving in indias slums: case study of bangalore
260 _aNew Delhi
_bManohar Publications
_c2001
365 _b600
_cINR
650 _aSociology
_9110336
650 _aUrban Communities
_9110337
906 _abangalore ; case ; indias ; Living ; slums: ; study
942 _2ddc
_cBK
999 _c172676
_d172676